000 01259nam a22003254a 4500
001 ebr10057391
003 CaPaEBR
006 m u
007 cr cn|||||||||
008 020731s2003 enka sb 001 0 eng
010 _z 2002068336
020 _z0333802985
040 _aCaPaEBR
_cCaPaEBR
035 _a(OCoLC)56090379
050 1 4 _aJF1081
_b.C6734 2003eb
082 0 4 _a364.1/323
_221
245 0 0 _aCorruption in contemporary politics
_h[electronic resource] /
_cedited by Martin J. Bull and James L. Newell.
260 _aHoundmills, Basingstoke ;
_aNew York :
_bPalgrave Macmillan,
_c2003.
300 _axiv, 274 p. :
_bill.
504 _aIncludes bibliographical references (p. 248-262) and index.
533 _aElectronic reproduction.
_bPalo Alto, Calif. :
_cebrary,
_d2013.
_nAvailable via World Wide Web.
_nAccess may be limited to ebrary affiliated libraries.
650 0 _aPolitical corruption.
650 0 _aDemocracy.
650 0 _aComparative government.
655 7 _aElectronic books.
_2local
700 1 _aBull, Martin J.
700 1 _aNewell, James.
710 2 _aebrary, Inc.
856 4 0 _uhttp://site.ebrary.com/lib/rucke/Doc?id=10057391
_zAn electronic book accessible through the World Wide Web; click to view
999 _c172691
_d172691